| 000 | 00720nam a22002057a 4500 | ||
|---|---|---|---|
| 005 | 20171013103725.0 | ||
| 010 | _aENG-120215 | ||
| 020 |
_a9789380087061 _c360.00 |
||
| 035 | _aEN-103747 | ||
| 037 | _bDBAD/PUB | ||
| 082 | _a340.59 | ||
| 100 | _aMyneni,S.R. | ||
| 245 |
_aDr.S.R. Myneni's Muslim Law other personal law : _cby S.R. Myneni ; foreword by Ahmeddullah Khan _bother personal law(family law-II) / |
||
| 260 |
_aHyderabad _bAsia Law House _c2010(Rep.) |
||
| 270 |
_aAsia Law house ,Opp. High court , _bHyderabad-2 |
||
| 300 |
_axI,656p. : _c24cm.(pbk) |
||
| 500 | _a Includes bibliographical references and index | ||
| 700 | _aAhmeddullah Khan | ||
| 942 |
_2ddc _cEN _h340.59 _mMYN |
||
| 999 |
_c144016 _d144016 |
||